00692nam a22002057a 45000050016000000200018000160370008000341000026000422450099000682600037001672700030002043000030002344900023002647000027002877000030003147000027003449420017003719990017003889520081004052011122702402.0 a9780431932767 bPUB aOxlade, Chris 937719 aElectricity /cby Chris Oxlade; edited by Sarah Shannon, Catherine Clarke (and) Laura Knowles  aLondon bHeinemann Libraryc2009 a7 Pilgrim StreetbLondon  a32p. c23cm(Hb) bphotos  aInvestigate937720 a Shannon, Sarah937712 a Clarke, Catherine937713 a Knowles, Laura937714 2ddccCHmOXL c60042d60042 0010407-1aAGbAGd2011-12-27l0oOXLr2011-12-27 00:00:00w2011-12-27yCH